Hospodársky a sociálny rozvoj obce

Obce a mestá - nedostatok finančných prostriedkov. Definícia niektorých pojmov. Program hospodárskeho a sociálneho rozvoja obce. Územnoplánovacia dokumentácia. Obec zabezpečuje vypracovanie programu hospodárskeho a sociálneho rozvoja. Podpora regionálneho rozvoja a zdroje financovania. Doplnkový zdr...

Descripción completa

Guardado en:
Detalles Bibliográficos
Autor principal: Kašiar, Ján
Formato: Capítulo de libro
Lenguaje:eslovaco
Materias:
Etiquetas: Agregar Etiqueta
Sin Etiquetas, Sea el primero en etiquetar este registro!

MARC

LEADER 00000naa a2200000 4500
001 0143813
005 20231120121700.9
041 0 |a slo 
044 |a SK 
245 1 0 |a Hospodársky a sociálny rozvoj obce  |c Ján Kašiar 
520 |a Obce a mestá - nedostatok finančných prostriedkov. Definícia niektorých pojmov. Program hospodárskeho a sociálneho rozvoja obce. Územnoplánovacia dokumentácia. Obec zabezpečuje vypracovanie programu hospodárskeho a sociálneho rozvoja. Podpora regionálneho rozvoja a zdroje financovania. Doplnkový zdroj finančného zabezpečenia. Príloha. 
610 2 0 |a obce 
610 2 0 |a mestá 
610 2 0 |a rozvoj hospodársky 
610 2 0 |a rozvoj sociálny 
610 2 0 |a financovanie 
610 2 0 |a Slovensko 
100 1 |a Kašiar, Ján